000 00312nam a22001457a 4500
003 SGT
020 _a9789355321770
082 _a621.381,JAI
100 _aJAIN,R.P.
245 _aMODERN DIGITAL ELECTRONICS
250 _a5TH ED
260 _aNEW DELHI
_bMC GRAW HILL
_c2023
300 _a759
942 _2ddc
_cBK
999 _c28480
_d28480